000 00538nam a22001937a 4500
999 _c171674
_d171674
005 20200117122243.0
010 _a359813
020 _c2.75
035 _a359813
037 _bBPPD/Pub.
082 _aن
100 _aکرشن چندر
245 _aزندگی کے موڑ پر /
_cکرشن چندر
246 _aZindagi ke Mod Per (Urdu) /
_bby Krishan Chander
260 _aDelhi
_bAyesha Publishers
_c1959 ء
270 _aBhargo Lane, Tees Hazari
_bDelhi
300 _a150p.
_c18cm(Hb)
942 _2ddc
_cUR
_hن
_mک ر ش